| 000 | 00382nam a22001217a 4500 | ||
|---|---|---|---|
| 999 |
_c13796 _d13796 |
||
| 020 | _a9781032115030 | ||
| 082 | _a006.3 | ||
| 100 | _aMohal Lal Kolhe ; Kailash J. Karande and Sampat G. Deshmukh | ||
| 245 | _aArtificial Intelligence, Internet of Things (IOT) and Smart Materials for Energy Applications | ||
| 260 |
_aLondon _bCRC Press _c2023 |
||
| 300 | _axv, 300 pages | ||
| 942 | _cBK | ||